Ecological economics : the science and management of sustainability

Αποθηκεύτηκε σε:
Λεπτομέρειες βιβλιογραφικής εγγραφής
Άλλοι συγγραφείς: Costanza, Robert (Επιμελητής έκδοσης)
Μορφή: Βιβλίο
Γλώσσα:English
Δημοσίευση: New York : Columbia University Press, 1991.
Θέματα:
Ετικέτες: Προσθήκη ετικέτας
Δεν υπάρχουν, Καταχωρήστε ετικέτα πρώτοι!

MARC

LEADER 00000cam a2200000 i 4500
001 1/101438
008 950428s1991 eng d
020 |a 0-231-07562-6 
035 |l 10012105 
040 |a GR-MY-UA  |b gre  |e aacr 
041 0 |a eng 
082 0 |a 333.7 
245 1 0 |a Ecological economics :   |b the science and management of sustainability /   |c edited by Robert Costanza.  
260 |a New York :   |b Columbia University Press,   |c 1991.  
300 |a 525 σ.  
504 |a Περιλαμβάνει βιβλιογραφικές παραπομπές και ευρετήριο.  
650 0 0 |a Economic development  |x Environmental aspects. 
700 1 |a Costanza, Robert,  |e edt 
852 |a INST  |b LESVOS  |e 19950428  |h 333.7 ECO  |p 005100000492  |q 005100000492  |t BK  |y 0 
909 |a Λ  |b 040827 
950 |a 155-1995-02-23